000 00793nam a22001577a 4500
999 _c64024
_d64024
003 Ge_BSU
005 20260311163758.0
008 260311s1998 ge ||||| |||| 00| 0 geo d
041 _ageo
080 _a330.1(075.8) ე-49
245 _aეკონომიკური თეორიის საფუძვლები :
_bსახელმძღვანელო /
_c სტუ, თბილ. ბიზნესის და სამართლის საერთაშ. უნ-ტი; [მთარგმნ.: პ. ბერიძე და სხვ.].
264 _aთბილისი :
_bსაქპროფგამი,
_c1998.
300 _a548 გვ. ;
_b20 სმ.
653 _aეკონომიკური თეორია.
942 _2udc
_cᲬᲘᲒᲜᲘ